| 000 | 01883nam a2200517 i 4500 | ||
|---|---|---|---|
| 001 | 51514 | ||
| 003 | KOSZ 005 | ||
| 005 | 20210629082155.0 | ||
| 008 | 010426s2000 pl a |000 0 pol | ||
| 015 | _aPB 2004/16746 | ||
| 020 | _a8390912376 | ||
| 035 | _a991016068179705066 | ||
| 035 | _a(PL-WaBN)b14314095-48omnis_nlop | ||
| 035 | _ab14314095 | ||
| 035 | _a(OCoLC)297833451 | ||
| 035 | _a(PL)b0000001431409 | ||
| 035 | _a(EXLNZ-48OMNIS_NETWORK)9910133963505606 | ||
| 040 |
_aWA N _cWA N _dKOSZ 005/HR |
||
| 041 | 0 | _apol | |
| 046 | _k2000 | ||
| 080 | _a332.6 | ||
| 080 | _a528 | ||
| 100 | 1 |
_aSzymański, Marian _d(1929-2011) _eAutor |
|
| 245 | 1 | 0 |
_aMateriały geodezyjne i kartograficzne źródłem informacji do szacowania nieruchomości / _cMarian Szymański. |
| 260 |
_aWarszawa : _b[Polska Federacja Stowarzyszeń Rzeczoznawców Majątkowych] ; _aBiałystok : _bOkręgowe Przedsiębiorstwo Geodezyjno-Kartograficzne, _c2000. |
||
| 300 |
_a104 s., [4] s. tabl. : _bil., mapy (w tym kolor.) ; _c24 cm. |
||
| 336 |
_2rdacontent _aTekst _btxt |
||
| 337 |
_2rdamedia _aBez urządzenia pośredniczącego _bn |
||
| 338 |
_2rdacarrier _aWolumin _bnc |
||
| 380 | _aKsiążki | ||
| 380 | _aPublikacje fachowe | ||
| 388 | _a1901-2000 | ||
| 388 | _a1989-2000 | ||
| 490 | 1 | _aBiblioteczka Rzeczoznawcy Majątkowego | |
| 504 | _aBibliogr. | ||
| 650 | 7 |
_aGeodezja _2DBN |
|
| 650 | 7 |
_aKartografia _2DBN |
|
| 650 | 7 | _aWycena nieruchomości | |
| 658 | _aGeografia i nauki o Ziemi | ||
| 658 | _aGospodarka, ekonomia, finanse | ||
| 710 | 2 |
_aPolska Federacja Stowarzyszeń Rzeczoznawców Majątkowych _4pbl |
|
| 856 |
_uhttp://koha.tu.koszalin.pl/cgi-bin/koha/opac-detail.pl?biblionumber=51514 _yKatalogonl;ine BPK |
||
| 830 | 0 | _aBiblioteczka Rzeczoznawcy Majątkowego | |
| 942 |
_2UKD _cKS |
||
| 999 |
_c51514 _d51514 |
||